Artistes et groupes de musique fictifs - Statistiques

Statistiques générales
  • Ce quiz a été pris 44 fois
    10 depuis la dernière actualisation
  • Le résultat moyen est 8 sur 25
Statistiques - réponses
Groupe/Artiste Indice œuvre % Correct
Ernesto de la Cruz Dia de los Muertos Coco
100%
Steel Dragon Mark Wahlberg Rock Star
78%
Figrin D’an and the Modal Nodes Dark Vador Star Wars
78%
Jackson Maine/Ally Campana Lady Gaga A Star is born
67%
Sadgasm Homer Les Simpsons
56%
Daisy Jones & The Six Série Prime Daisy Jones & The Six
44%
Chris Prolls/Fatal Mickaël Youn Fatal
44%
Phoebe Buffay Tu pues le chat Friends
44%
Bizarr' Sisters (The Weird Sisters) Emma Watson Harry Potter
44%
Huntr/X, Saja Boys Soda Pop Kpop Demon Hunters
44%
Sebastian Wilder Ryan Gosling La La Land
44%
Dorothea Williams Pixar, jazz Soul
44%
Diva Plavalaguna Luc Besson Le cinquième élément
33%
The Pinheads/Marvin Berry and the Starlighters Michael J. Fox Retour vers le futur
33%
No Vacancy/School of Rock Jack Black Rock Academy
33%
Pink Slip Lindsay Lohan Freaky Friday
22%
Dr. Teeth and the Electric Mayhem Marionnettes The Muppet Show
11%
Crucial Taunt Mike Myers Wayne's World
11%
Gilles Gabriel Flou de toi La personne aux deux personnes
0%
Dead Makabés Julien Doré Pop Redemption
0%
Stillwater Kate Hudson Presque célèbre
0%
Stacee Jaxx Tom Cruise Rock Forever
0%
Sex Bob-Omb Michael Cera Scott Pilgrim
0%
Spinal Tap Mockumentaire Spinal Tap
0%
Pink Bob Geldof The Wall
0%
Aucun quiz correspondant
Distribution des résultats
% des personnes avec chaque résultat
Percentile par nombre de réponses
Votre historique - résultats
Vous n’avez pas pris ce quiz depuis la dernière actualisation